00592nam a2200169 a 4500020001500000040000800015082002600023100001700049245004600066260004600112300003400158650003900192700002000231942000700251999001700258952014700275 a0070512574 cDLC00a371 MIT 1991 A016 Or.1 aRay, John R.10aComputers in educational administration / aNew York :bMitchell McGraw-Hill,cc1991. axvi, 224 p. :bill. ;c23 cm. 0aSchool management and organization1 aDavis, Lloyd D. cEK c11668d11668 0010406371_000000000000000_MIT_1991_A016_OR70959861aLBAbLBAcA016d2017-08-04o371 MIT 1991 A016 Or.pA14586r2017-08-04w2017-08-04yEK